El Salvador 1981-1984: como el diálogo y la negociación no se oponen a la lucha armada revolucionaria y a la lucha política de las masas

Збережено в:
Бібліографічні деталі
Автор: Lungo Uclés, Mario
Формат: Текст
Опубліковано: s.l.: s.e.
Теги: Додати тег
Немає тегів, Будьте першим, хто поставить тег для цього запису!

MARC

LEADER 00000 a a2200000 04500
001 21671
003
040
090 |a 096600  
100 |a Lungo Uclés, Mario  
245 |a El Salvador 1981-1984: como el diálogo y la negociación no se oponen a la lucha armada revolucionaria y a la lucha política de las masas  
260 |a s.l.:   |b s.e.  
300 |a 20 p.  
999 |c 13479  |d 13479